[Event "Sonnevanck"]
[Site "Wijk aan Zee"]
[Date "1992.??.??"]
[Round "4"]
[White "Blees, Albert"]
[Black "Van Mil, Johannes A J"]
[Result "1/2-1/2"]
[WhiteElo "2415"]
[BlackElo "2450"]

1.d4 Nf6 2.c4 g6 3.Nc3 d5 4.cxd5 Nxd5 5.e4 Nxc3 6.bxc3 Bg7 7.Bb5+ Bd7 8.Be2 c5
9.Nf3 cxd4 10.cxd4 Bc6 11.Qd3 Nd7 12.Rb1 f5 13.Qb3 Qb6 14.exf5 Qxb3 15.Rxb3 gxf5
16.Ng5 Bd5 17.Bh5+ Kd8 18.Rb5 Bxa2 19.Bf7 Bxf7 20.Nxf7+ Kc7 21.Nxh8 Bxh8
22.Bf4+ Kc6 23.Rxf5 Bxd4 24.Ke2 e5 25.Rc1+ Kd6 26.Be3 Bxe3 27.Kxe3 a5 28.Rf7 Nc5
29.Rf6+ Kd5 30.Rb6 a4 31.Rb5 b6 32.Rxb6 Ra5 33.Ra1 a3 34.Ra2 Kc4 35.Rc2+ Kd5
36.Rb1 a2 37.Rd1+ Ke6 38.Rc3 a1=Q 39.Rxa1 Rxa1 40.Rxc5 Ra3+ 41.Ke4 Ra4+ 42.Kf3 h5
43.Kg3 Rg4+ 44.Kh3 Rf4 45.f3 Kf5 46.Rc8 Ra4 47.Rf8+ Kg5 48.Kg3 Ra2 49.Rg8+ Kh6
50.Re8 Re2 51.Re6+ Kg7 52.Ra6 h4+ 53.Kh3 e4 54.f4 Rf2 55.g3 hxg3 56.hxg3 e3
57.Re6 e2 58.Kg4 Kf7 59.Kf5 Rf3 60.Rxe2 Rxg3 61.Ra2 Rb3 62.Ra7+  1/2-1/2

[Event "Sonnevanck"]
[Site "Wijk aan Zee"]
[Date "1992.??.??"]
[Round "8"]
[White "Blees, Albert"]
[Black "Ernst, Thomas"]
[Result "1/2-1/2"]
[WhiteElo "2415"]
[BlackElo "2570"]

1.d4 Nf6 2.c4 g6 3.Nc3 d5 4.cxd5 Nxd5 5.e4 Nxc3 6.bxc3 Bg7 7.Bb5+ Bd7 8.Be2 c5
9.Nf3 cxd4 10.cxd4 Bc6 11.Qd3 f5 12.exf5 Qa5+ 13.Bd2 Qxf5 14.Qxf5 gxf5 15.Rc1 Bd5
16.Ne5 O-O 17.Bc4 Bxc4 18.Rxc4 Nc6 19.Nxc6 bxc6 20.Ke2 Rad8 21.Bc3 Rf6 22.Rb1 Rfd6
23.Ke3 c5 24.Rxc5 Rxd4 25.Ke2 Re4+ 26.Kf1 Bxc3 27.Rxc3 Kf7 28.Re1  1/2-1/2

[Event "Zalaegerszeg op"]
[Site "Zalaegerszeg"]
[Date "1992.??.??"]
[Round "?"]
[White "Horvath, Csaba"]
[Black "Vadasz, Laszlo"]
[Result "1/2-1/2"]
[WhiteElo "2515"]
[BlackElo "2305"]

1.d4 Nf6 2.c4 g6 3.Nc3 d5 4.cxd5 Nxd5 5.e4 Nxc3 6.bxc3 Bg7 7.Bb5+ c6 8.Ba4 b5
9.Bb3 Bb7 10.Ne2 O-O 11.O-O e6 12.Ba3 Re8 13.Qd3 Nd7 14.Rad1 Qc7 15.Ng3 a5
16.Rfe1 Red8 17.Be7 Re8 18.Bg5 Ba6 19.Qd2 c5 20.d5 c4 21.Bc2 e5 22.h4 h5
23.Nf1 Qd6 24.Bh6 Nc5 25.Bxg7 Kxg7 26.Re3 b4 27.Rg3 b3 28.Bb1 Kh7  1/2-1/2

[Event "Zalakaros op rap"]
[Site "Zalakaros"]
[Date "1992.??.??"]
[Round "3"]
[White "Portisch, Lajos"]
[Black "Deak, Sandor"]
[Result "1-0"]
[WhiteElo "2595"]
[BlackElo "2415"]

1.d4 Nf6 2.c4 g6 3.Nc3 d5 4.cxd5 Nxd5 5.e4 Nxc3 6.bxc3 Bg7 7.Be3 c5 8.Qd2 O-O
9.Nf3 cxd4 10.cxd4 b6 11.Rc1 Bb7 12.d5 Nd7 13.Bd3 Rc8 14.O-O Ne5 15.Nxe5 Bxe5
16.Bh6 Qd6 17.Bxf8 Bxh2+ 18.Kh1 Bf4 19.Bxe7  1-0

[Event "Aachen op"]
[Site "Aachen"]
[Date "1993.??.??"]
[Round "5"]
[White "Doering, Thomas"]
[Black "Coenen, Norbert"]
[Result "0-1"]
[WhiteElo "2245"]
[BlackElo "2305"]

1.d4 Nf6 2.c4 g6 3.Nc3 d5 4.cxd5 Nxd5 5.e4 Nxc3 6.bxc3 Bg7 7.Nf3 c5 8.Rb1 O-O
9.Be2 Qc7 10.O-O b6 11.Qd3 Ba6 12.Qe3 Bxe2 13.Qxe2 Rd8 14.e5 Nc6 15.Be3 cxd4
16.cxd4 Rac8 17.h4 Qd7 18.Rfd1 Qg4 19.Qb5 e6 20.Rbc1 Qe4 21.Ng5 Qd5 22.Qxd5 exd5
23.Nh3 h6 24.Nf4 Ne7 25.Rxc8 Rxc8 26.Kf1 f6 27.Nd3 Nf5 28.exf6 Bxf6 29.Nf4 Ne7
30.h5 g5 31.Ne2 Kf7 32.g4 Rc4 33.f4 gxf4 34.Bxf4 Bg7 35.Kf2 b5 36.Ke3 Nc6
37.Bd6 Ra4 38.Rd2 Na5  0-1

[Event "Alcobendas op"]
[Site "Alcobendas"]
[Date "1993.??.??"]
[Round "4"]
[White "Elguezabal Varela, Daniel"]
[Black "Rivera, Daniel"]
[Result "1/2-1/2"]
[WhiteElo "2300"]
[BlackElo "2415"]

1.d4 Nf6 2.c4 g6 3.Nc3 d5 4.cxd5 Nxd5 5.e4 Nxc3 6.bxc3 Bg7 7.Bc4 c5 8.Be3 O-O
9.Ne2 Nc6 10.O-O Bg4 11.f3 Na5 12.Bd3 cxd4 13.cxd4 Be6 14.d5 Bxa1 15.Qxa1 f6
16.Bh6 Bd7 17.Bxf8 Qb6+ 18.Qd4 Qxd4+ 19.Nxd4 Kxf8 20.Rc1 Rc8 21.Rxc8+ Bxc8
22.Kf2 e5 23.dxe6 Ke7 24.Ke3 Bxe6 25.Nxe6 Kxe6 26.f4 Nc6 27.h4 h6 28.e5  1/2-1/2

[Event "Antwerp op"]
[Site "Antwerp"]
[Date "1993.??.??"]
[Round "9"]
[White "Wells, Peter K"]
[Black "Huzman, Alexander"]
[Result "1-0"]
[WhiteElo "2455"]
[BlackElo "2520"]

1.d4 Nf6 2.c4 g6 3.Nc3 d5 4.cxd5 Nxd5 5.e4 Nxc3 6.bxc3 Bg7 7.Nf3 c5 8.Rb1 O-O
9.Be2 Nc6 10.d5 Ne5 11.Nxe5 Bxe5 12.Qd2 e6 13.f4 Bc7 14.O-O exd5 15.exd5 Ba5
16.d6 Rb8 17.g4 Bd7 18.f5 gxf5 19.Bd3 Kh8 20.Bxf5 Rg8 21.Bxd7 Qxd7 22.h3 f5
23.Bb2 c4 24.Qd4+ Rg7 25.Bc1 b5 26.Qf6 Bb6+ 27.Kh2 Bc5 28.Bf4 Re8 29.Rbe1 fxg4
30.Rxe8+ Qxe8 31.Be5  1-0

[Event "Donau op"]
[Site "Aschach"]
[Date "1993.??.??"]
[Round "?"]
[White "Poecksteiner, Johann"]
[Black "Danek, Libor"]
[Result "1-0"]
[WhiteElo "2225"]
[BlackElo "2355"]

1.d4 Nf6 2.c4 g6 3.Nc3 d5 4.cxd5 Nxd5 5.e4 Nxc3 6.bxc3 Bg7 7.Nf3 c5 8.Rb1 O-O
9.Be2 cxd4 10.cxd4 Qa5+ 11.Bd2 Qxa2 12.O-O Nd7 13.Bb4 Nb6 14.Ne5 f6 15.Ra1 Qe6
16.Nd3 Qf7 17.Bc5 Bd7 18.Qb1 f5 19.e5 Bc6 20.Nb4 Be4 21.Bd3 Bxd3 22.Nxd3 Bh6
23.e6 Qxe6 24.Re1 Qc8 25.Qb3+ Kh8 26.Bxe7 Re8 27.Qf7 Bg7 28.Ne5 Qc3 29.Bf6 Bxf6
30.Qxf6+ Kg8 31.Qf7+ Kh8 32.Nxg6+  1-0

[Event "AUT-chT"]
[Site "?"]
[Date "1993.??.??"]
[Round "?"]
[White "Frosch, Erich"]
[Black "Watzka, Horst"]
[Result "1/2-1/2"]
[WhiteElo "2300"]
[BlackElo "2325"]

1.d4 Nf6 2.c4 g6 3.Nc3 d5 4.cxd5 Nxd5 5.e4 Nxc3 6.bxc3 Bg7 7.Be3 c5 8.Bb5+ Nc6
9.Ne2 cxd4 10.Bxc6+ bxc6 11.cxd4 O-O 12.Qd2 c5 13.Rc1 cxd4 14.Nxd4 Bb7 15.f3 Qd7
16.Nb3 Qxd2+ 17.Bxd2 Rac8 18.Rc5 Rxc5 19.Nxc5 Bc6 20.Be3 Rd8 21.Kf2 Be5 22.Rc1 h5
23.g3 h4  1/2-1/2

[Event "AUT-chT"]
[Site "?"]
[Date "1993.??.??"]
[Round "?"]
[White "Danner, Georg"]
[Black "Druckenthaner, Andreas"]
[Result "1-0"]
[WhiteElo "2385"]
[BlackElo "2290"]

1.d4 Nf6 2.c4 g6 3.Nc3 d5 4.cxd5 Nxd5 5.e4 Nxc3 6.bxc3 Bg7 7.Bc4 c5 8.Ne2 O-O
9.O-O Nc6 10.Be3 Qc7 11.Rb1 e6 12.Qc1 Bd7 13.Bh6 cxd4 14.cxd4 Na5 15.Bxg7 Kxg7
16.Bb5 Qxc1 17.Rfxc1 Rad8 18.f3 Nc6 19.Kf2 a6 20.Bd3 Bc8 21.Bxa6 Nxd4 22.Bxb7 Nxe2
23.Kxe2 Bxb7 24.Rxb7 Ra8 25.Rc2 Ra3 26.Kd1 Kf6 27.Kc1 Ke5 28.Kb1 h5 29.Rb3 Rxb3+
30.axb3 g5 31.Kb2 g4 32.b4 gxf3 33.gxf3 h4 34.Kb3 h3 35.b5 Rg8 36.Rc7 f6
37.Rh7 Kd6 38.Kb4 Rg2 39.Rxh3 Rb2+ 40.Kc4 Rc2+ 41.Kd3 Rc5 42.b6 Rb5 43.Rh6 Rxb6
44.Rxf6 Ke5 45.Rf7 Rb3+ 46.Ke2 Rb2+ 47.Ke3 Rxh2 48.f4+ Kd6 49.e5+ Kc6 50.Re7 Rh3+
51.Kd4 Rh6 52.Ke4 Rg6 53.Kf3 Rh6 54.Kg4 Kd5 55.Kg5 Rh1 56.Ra7 Rh2 57.Ra6 Rf2
58.Rd6+ Ke4 59.Rxe6 Rg2+ 60.Kf6 Rh2 61.Rd6 Rh6+ 62.Kg5 Rh8 63.e6 Rf8 64.e7  1-0

[Event "Avoine Ronde op"]
[Site "Avoine"]
[Date "1993.??.??"]
[Round "?"]
[White "Simon, Gerard"]
[Black "Piankov, Evgenij"]
[Result "1/2-1/2"]
[WhiteElo "2060"]
[BlackElo "2395"]

1.d4 Nf6 2.c4 g6 3.Nc3 d5 4.cxd5 Nxd5 5.e4 Nxc3 6.bxc3 Bg7 7.Be3 O-O 8.Qd2 c5
9.Nf3 cxd4 10.cxd4 b6 11.Rd1 Bb7 12.Bd3 Nc6 13.d5 Na5 14.Bh6 Rc8 15.Bxg7 Kxg7
16.h4 Qc7 17.h5 Qc3 18.h6+ Kg8 19.Ke2 Qxd2+ 20.Nxd2 Rc3 21.Rc1 Rfc8 22.Rxc3 Rxc3
23.Rh3 Ra3 24.Bb5 Rxh3 25.gxh3 f5 26.f3 Kf7 27.Ke3 Kf6 28.h4 Bc8 29.Kf4 e5+
30.dxe6 Bxe6 31.e5+ Ke7 32.a3 Nb7 33.Ke3 Nd8 34.f4 Nf7 35.Bc4 Nxh6 36.Bxe6 Kxe6
37.Kd4 Ng4 38.Nc4 Nh2 39.Nd6 Nf3+ 40.Ke3 Nxh4 41.Nc8 a6 42.Nxb6 h6 43.Na4 Ng2+
44.Kf3 Ne1+ 45.Ke2 Nc2 46.Nc5+ Ke7 47.Nxa6 Nxa3 48.Nc7 Nc2 49.Nd5+ Ke6 50.Nc7+ Kf7
51.Nb5 g5 52.Kd2 Nb4 53.Nd4 Kg6 54.fxg5 hxg5 55.Kc3 Nd5+ 56.Kc4 Ne7 57.Kc5 f4
58.Kd6 Ng8 59.Kd5 Kh5 60.Nf5 Nh6 61.Nd4 Kg4 62.Ke4 Nf7 63.Nf5 Nh8 64.e6 Ng6
65.e7 Nxe7 66.Nxe7 f3 67.Nf5 f2 68.Ne3+ Kg3 69.Nf1+ Kg2 70.Ne3+  1/2-1/2

[Event "Azov"]
[Site "Azov"]
[Date "1993.??.??"]
[Round "?"]
[White "Nielsen, Peter Heine"]
[Black "Beshukov, Sergei"]
[Result "0-1"]
[WhiteElo "2465"]
[BlackElo "2445"]

1.d4 Nf6 2.c4 g6 3.Nc3 d5 4.cxd5 Nxd5 5.e4 Nxc3 6.bxc3 Bg7 7.Be3 c5 8.Qd2 Qa5
9.Rb1 b6 10.Bb5+ Bd7 11.Be2 O-O 12.Rc1 Rc8 13.d5 c4 14.Nf3 e6 15.O-O exd5
16.exd5 Bf5 17.Nh4 Be4 18.Rfd1 Nd7 19.Bh6 Nf6 20.Bxg7 Kxg7 21.d6 Rc5 22.Bf3 Bxf3
23.Nxf3 Rd8 24.Qe3 Rd5 25.Qf4 Qc5 26.Re1 R8xd6 27.Ne5 b5 28.g4 h6 29.h4 Re6
30.g5 hxg5 31.hxg5 Rdxe5 32.gxf6+ Kh7 33.Rxe5 Rxe5 34.Rd1 Rf5 35.Qh2+ Rh5
36.Qf4 Qc6 37.f3 Qe6 38.Kf2 Qh3 39.Rd8 Rf5 40.Qg3 Qxg3+ 41.Kxg3 Rxf6 42.Rb8 Rb6  0-1

[Event "Bad Mergentheim sim"]
[Site "Bad Mergentheim"]
[Date "1993.??.??"]
[Round "?"]
[White "Anand, Viswanathan"]
[Black "Heinatz, Gundula"]
[Result "1-0"]
[WhiteElo "2710"]
[BlackElo "2225"]

1.d4 Nf6 2.c4 g6 3.Nc3 d5 4.cxd5 Nxd5 5.e4 Nxc3 6.bxc3 Bg7 7.Bb5+ c6 8.Ba4 O-O
9.Ne2 e5 10.O-O Qh4 11.f3 Nd7 12.Bb3 Nb6 13.Be3 exd4 14.cxd4 Re8 15.Qd2 Bd7
16.Bg5 Qh5 17.Ng3 Bxd4+ 18.Kh1 Bc3 19.Nxh5 Bxd2 20.Nf6+ Kf8 21.Bxd2 Re5 22.f4 Rb5
23.Nxh7+ Kg7 24.Ng5 f6 25.Ne6+  1-0

[Event "Mitropa Cup"]
[Site "Bad Woerishofen"]
[Date "1993.??.??"]
[Round "?"]
[White "Zueger, Beat"]
[Black "Van Mil, Johannes A J"]
[Result "1/2-1/2"]
[WhiteElo "2415"]
[BlackElo "2435"]

1.d4 Nf6 2.c4 g6 3.Nc3 d5 4.cxd5 Nxd5 5.e4 Nxc3 6.bxc3 Bg7 7.Bb5+ c6 8.Ba4 O-O
9.Ne2 e5 10.O-O Nd7 11.Ba3 Re8 12.Bb3 Nb6 13.f4 exd4 14.f5 gxf5 15.Ng3 Qh4
16.Rxf5 Bxf5 17.Nxf5 Qxe4 18.Qh5 Re6 19.Bxe6 Qxe6 20.Qg4 Qf6 21.Bc5 Re8 22.Bxd4 Qg6
23.Qxg6 hxg6 24.Nxg7 Re4 25.Rb1 c5 26.Bxc5 Kxg7 27.Bxb6 axb6 28.Rxb6 Re2
29.Rxb7 Rxa2 30.h4 Rc2 31.Rc7 Kh6 32.Kh2 g5 33.hxg5+ Kxg5 34.Kg3 f5 35.Rc5 Rd2
36.Kf3 Rd3+ 37.Ke2 Rg3 38.Kf2 Rd3 39.Rc8 Kf4 40.Rc4+ Kg5 41.Ke2 Rg3 42.Kf2 Rd3
43.g3 Rd2+ 44.Ke3 Rg2 45.Kf3 Rd2 46.Rd4 Rc2 47.Rd3 Rc1 48.Ke3 Kg4 49.Kd4 Rg1
50.c4 Rxg3 51.c5 Rg1 52.c6 Re1 53.c7 Re8 54.Re3 Rc8 55.Re7 Kf3 56.Ke5 f4
57.Kf5 Ra8 58.Rd7 Ra5+ 59.Ke6 Rc5 60.Kd6 Rc1 61.Rd8 Ke2 62.Re8+ Kd3 63.Re5 Rxc7  1/2-1/2

[Event "Mitropa Cup"]
[Site "Bad Woerishofen"]
[Date "1993.??.??"]
[Round "?"]
[White "Vokac, Marek"]
[Black "Van Mil, Johannes A J"]
[Result "0-1"]
[WhiteElo "2435"]
[BlackElo "2435"]

1.d4 Nf6 2.c4 g6 3.Nc3 d5 4.cxd5 Nxd5 5.e4 Nxc3 6.bxc3 Bg7 7.Bc4 c5 8.Ne2 Nc6
9.Be3 O-O 10.O-O Bd7 11.Rb1 a6 12.dxc5 Na5 13.Bd5 e6 14.Bxb7 Nxb7 15.Rxb7 Bc6
16.Rb6 Bxe4 17.Qa4 Qd3 18.Nf4 Qc2 19.Qc4 Rad8 20.Rd6 Bb7 21.Rc1 Qf5 22.Rcd1 Rc8
23.f3 g5 24.Nd3 Bd5 25.Qg4 Qxg4 26.fxg4 Bxa2 27.Bxg5 Bb3 28.Rc1 a5 29.c6 Bd5
30.c4 Rxc6 31.Rxc6 Bxc6 32.Be7 Rb8 33.g5 Rb3 34.Nf4 Bd4+ 35.Kf1 Be3 36.Rd1 Bxf4
37.Rd8+ Kg7 38.g4 Rb8 39.Bf6+ Kg6 40.Rd3 Bxg5 41.Be5 Rd8 42.Ra3 Rd2 43.Rxa5 Bf3
44.Bg3 Be3 45.h4 Rd1+ 46.Be1 Bd2 47.h5+ Kg7 48.Kf2 Bxe1+ 49.Kxf3 Bxa5  0-1

[Event "Badalona op"]
[Site "Badalona"]
[Date "1993.??.??"]
[Round "9"]
[White "Marin, Mihail"]
[Black "Piankov, Evgenij"]
[Result "1-0"]
[WhiteElo "2515"]
[BlackElo "2395"]

1.d4 Nf6 2.c4 g6 3.Nc3 d5 4.cxd5 Nxd5 5.e4 Nxc3 6.bxc3 Bg7 7.Bc4 c5 8.Ne2 O-O
9.Be3 Nc6 10.Rc1 Qc7 11.O-O Rd8 12.Bf4 Qd7 13.d5 Na5 14.Bd3 e5 15.Bg5 f6
16.Be3 c4 17.Bc2 b6 18.f4 Ba6 19.Ba4 Bb5 20.Bxb5 Qxb5 21.f5 g5 22.Ng3 Nb7
23.h4 h6 24.Rf2 Nd6 25.hxg5 hxg5 26.Qh5 Qe8 27.Qg6 Rd7 28.Rcf1 Qf7 29.Bc1 Kf8
30.Ba3 Ke7 31.Rb1 Rh8 32.Rb4 Kd8 33.Ra4 Nb5 34.Bc1 Bf8 35.Rxc4 Bc5 36.Rxc5 bxc5
37.Rb2 Nd6 38.Rb8+ Nc8 39.Ba3 c4 40.Bb4 Kc7 41.Rb5 Nd6 42.Rc5+ Kb7 43.Rc6 Ne8
44.Rxc4 Rc7 45.Qxf7 Rxf7 46.Rc6 Nc7 47.c4 Na6 48.Ba3 Rc7 49.Rxc7+ Nxc7 50.Be7 Ne8
51.c5 Rh7 52.c6+ Kc7 53.Bc5 a5 54.Ne2 Nd6 55.Nc3 Rh8 56.Bxd6+ Kxd6 57.Nb5+ Kc5
58.a4 Kb6 59.c7 Kb7 60.d6 Kc6 61.Kf2 Kd7 62.Na7 Ra8 63.c8=Q+ Rxc8 64.Nxc8 Kxc8
65.Kf3 Kd7 66.Kg4 Kxd6 67.Kh5 Kc5 68.Kg6 Kd4 69.Kxf6 Kxe4 70.Kxg5 Kd4 71.f6  1-0

[Event "Baden-Baden op"]
[Site "Baden-Baden"]
[Date "1993.??.??"]
[Round "7"]
[White "Volke, Karsten"]
[Black "Zuse, Klaus Peter"]
[Result "1-0"]
[WhiteElo "2470"]
[BlackElo "2260"]

1.d4 Nf6 2.c4 g6 3.Nc3 d5 4.cxd5 Nxd5 5.e4 Nxc3 6.bxc3 Bg7 7.Bc4 O-O 8.Ne2 Nc6
9.O-O b6 10.Bg5 Bb7 11.Qd2 Rc8 12.Rad1 Qd7 13.Bb5 Qd6 14.e5 Qa3 15.Rb1 f6
16.Rb3 Qa5 17.Qb2 Ba6 18.Bxc6 Bxe2 19.Re1 Qa6 20.Bd5+ Kh8 21.Be6 Rce8 22.Bc1 Bd3
23.Ra3 Qb7 24.c4 Be4 25.Qe2 Bxg2 26.d5 Bxd5 27.cxd5 fxe5 28.Rh3 Rf6 29.Qg4  1-0

[Event "Bagneux"]
[Site "Bagneux"]
[Date "1993.??.??"]
[Round "5"]
[White "Derrieux, C."]
[Black "Gyorkos, Lajos"]
[Result "0-1"]
[WhiteElo "2285"]
[BlackElo "2435"]

1.d4 Nf6 2.c4 g6 3.Nc3 d5 4.cxd5 Nxd5 5.e4 Nxc3 6.bxc3 Bg7 7.Bc4 O-O 8.Ne2 c5
9.Be3 Nc6 10.O-O Bd7 11.Qd2 Qc7 12.Rac1 a6 13.Bh6 b5 14.Bd5 e6 15.Bxc6 Bxh6
16.Qxh6 Bxc6 17.e5 Qe7 18.Ng3 f5 19.exf6 Qxf6 20.Qe3 cxd4 21.cxd4 Bd5 22.a3 Ra7
23.f3 Qf4 24.Qxf4 Rxf4 25.Ne2 Rf8 26.Kf2 Rd8 27.Rfe1 Bc4 28.Ke3 Rad7 29.Rcd1 e5
30.f4 Bxe2 31.Rxe2 exd4+ 32.Kd2 Rc7 33.Re6 a5 34.Ra6 a4 35.Rb6 Rc3 36.Re1 Rd7
37.g4 Rxa3 38.g5 Re3 39.Rc1 Re8 40.Rxb5 d3 41.h4 Re2+ 42.Kc3 Rh2 43.Rd1 Rc2+
44.Kb4 d2  0-1

[Event "Barcelona"]
[Site "Barcelona"]
[Date "1993.??.??"]
[Round "3"]
[White "Spraggett, Kevin"]
[Black "Gavrikov, Viktor"]
[Result "0-1"]
[WhiteElo "2555"]
[BlackElo "2580"]

1.d4 Nf6 2.c4 g6 3.Nc3 d5 4.cxd5 Nxd5 5.e4 Nxc3 6.bxc3 Bg7 7.Be3 c5 8.Qd2 Qa5
9.Rb1 b6 10.Bb5+ Bd7 11.Be2 Nc6 12.Nf3 O-O 13.Rc1 Bg4 14.d5 Bxf3 15.Bxf3 Rad8
16.O-O e6 17.Bf4 Ne5 18.Bxe5 Bxe5 19.g3 Rfe8 20.Bg2 exd5 21.exd5 b5 22.h4 c4
23.Kh2 Qb6 24.Rfe1 a5 25.f4 Bd6 26.Re2 Qc5 27.h5 b4 28.cxb4 axb4 29.Be4 Bb8
30.Bf3 Rc8 31.Kg2 Rxe2+ 32.Qxe2 Bd6 33.Qe4 c3 34.hxg6 hxg6 35.f5 Ra8 36.Rc2 Kg7
37.Qg4 b3 38.axb3 Ra1 39.Kh3 Rg1 40.Bg2 Qe3 41.fxg6 f5 42.Qh4 Kxg6 43.Ra2 Qe5
44.Kh2 Rb1 45.Kh3 c2 46.Bf3 c1=Q 47.Bh5+ Kg7 48.Ra7+ Bc7  0-1

[Event "JUG-chT2"]
[Site "Becici"]
[Date "1993.??.??"]
[Round "2"]
[White "Beliavsky, Alexander G"]
[Black "Filipovic, Branko"]
[Result "1-0"]
[WhiteElo "2610"]
[BlackElo "2410"]

1.d4 Nf6 2.c4 g6 3.Nc3 d5 4.cxd5 Nxd5 5.e4 Nxc3 6.bxc3 Bg7 7.Bb5+ Nc6 8.Nf3 O-O
9.O-O Na5 10.Be3 b6 11.Rc1 Bb7 12.Bd3 Qd7 13.Qe2 Rfd8 14.Rfd1 Rac8 15.c4 c5
16.d5 e6 17.Bd2 exd5 18.cxd5 c4 19.Bb1 c3 20.Be3 Nc4 21.Bd4 Na3 22.Bxg7 Kxg7
23.Bd3 Qa4 24.Qe3 b5 25.Ne5 Qa6 26.Ng4 h5 27.Qh6+ Kg8 28.Ne3 Qf6 29.g4 Qf3
30.gxh5 Qxh5 31.Qf4 Re8 32.Ng4 Kg7 33.Nf6 Qe5 34.Nxe8+ Qxe8 35.Bf1 b4 36.e5 a5
37.Rd3 Kg8 38.Rh3 Qf8 39.e6 fxe6 40.Qe5  1-0

[Event "Beersheba"]
[Site "Beersheba"]
[Date "1993.??.??"]
[Round "3"]
[White "Kortschnoj, Viktor"]
[Black "Gulko, Boris F"]
[Result "1/2-1/2"]
[WhiteElo "2625"]
[BlackElo "2635"]

1.d4 Nf6 2.c4 g6 3.Nc3 d5 4.cxd5 Nxd5 5.e4 Nxc3 6.bxc3 Bg7 7.Bb5+ c6 8.Ba4 a5
9.Ne2 b5 10.Bb3 a4 11.Bc2 O-O 12.Ba3 Na6 13.O-O c5 14.Rb1 Rb8 15.dxc5 Qc7
16.Qd3 Rd8 17.Qe3 Be6 18.Bd3 Qd7 19.Nc1 Qc6 20.Be2 Rdc8 21.Rd1 Bf8 22.Rd4 Nxc5
23.Rdb4 Nxe4 24.c4 Nd6 25.cxb5 Qc3 26.Qxc3 Rxc3 27.Rxa4 Rc2 28.g4 Nc4 29.Bxc4 Bxc4
30.b6 Bd5 31.Rd4 Bc6 32.Nd3 Rxa2 33.Bc5 e5 34.Rc4 Bxc5 35.Rxc5 Be4 36.Rd1 Bxd3  1/2-1/2

[Event "Beersheba"]
[Site "Beersheba"]
[Date "1993.??.??"]
[Round "11"]
[White "Mikhalevski, Victor"]
[Black "Huzman, Alexander"]
[Result "0-1"]
[WhiteElo "2380"]
[BlackElo "2520"]

1.d4 Nf6 2.c4 g6 3.Nc3 d5 4.cxd5 Nxd5 5.e4 Nxc3 6.bxc3 Bg7 7.Bb5+ c6 8.Ba4 a5
9.Qf3 O-O 10.Ne2 b5 11.Bb3 b4 12.O-O Ba6 13.Rd1 a4 14.Bc2 b3 15.Bd3 Bxd3
16.Qxd3 Nd7 17.Ba3 c5 18.axb3 axb3 19.Qc4 Qb8 20.Rdb1 Qb7 21.Qxb3 Qxe4 22.Ng3 Qc6
23.Qc4 Rfc8 24.Bxc5 Rxa1 25.Rxa1 Nxc5 26.dxc5 Qxc5 27.Qxc5 Rxc5 28.Ra8+ Bf8
29.Ne2 f5 30.Nd4 Rxc3 31.g4 fxg4 32.Ne6 Rf3 33.Kg2 Rf6 34.Ra6 h5 35.Kg3 Bh6
36.Kg2 Kh7 37.Kg1 Bf4 38.Kg2 Kh6 39.Ra4 Bxh2 40.Re4 Bd6  0-1

[Event "Lvov-Belgrade"]
[Site "Belgrade"]
[Date "1993.??.??"]
[Round "2"]
[White "Ostojic, Nikola"]
[Black "Vidoniak, Roman"]
[Result "1-0"]
[WhiteElo "2450"]
[BlackElo "2360"]

1.d4 Nf6 2.c4 g6 3.Nc3 d5 4.cxd5 Nxd5 5.e4 Nxc3 6.bxc3 Bg7 7.Bb5+ c6 8.Ba4 b5
9.Bb3 b4 10.Qf3 O-O 11.Ne2 Ba6 12.O-O bxc3 13.Rd1 Bxe2 14.Qxe2 Qa5 15.e5 Na6
16.Bg5 Rae8 17.Rac1 Kh8 18.Qe3 f6 19.Bh6 fxe5 20.Bxg7+ Kxg7 21.Rxc3 Nb4 22.Rc5 Qa6
23.Bc4 Qa4 24.Rc1 exd4 25.Qe5+  1-0

[Event "Benasque op"]
[Site "Benasque"]
[Date "1993.??.??"]
[Round "8"]
[White "Komljenovic, Davor"]
[Black "Mikhalevski, Victor"]
[Result "1/2-1/2"]
[WhiteElo "2450"]
[BlackElo "2380"]

1.d4 Nf6 2.c4 g6 3.Nc3 d5 4.cxd5 Nxd5 5.e4 Nxc3 6.bxc3 Bg7 7.Nf3 c5 8.Rb1 Nc6
9.d5 Ne5 10.Nxe5 Bxe5 11.Bb5+ Bd7 12.Qb3 O-O 13.O-O Bxb5 14.Qxb5 Qd6 15.g3 e6
16.Be3 b6 17.c4 exd5 18.exd5 f5 19.Bh6 Rfe8 20.Rfe1 Kf7 21.Kg2 Bc3 22.Bf4 Qf6
23.Qd7+ Re7 24.Qxe7+ Qxe7 25.Rxe7+ Kxe7 26.Rb3 Bf6 27.Re3+ Kf7 28.a4 Re8
29.Rxe8 Kxe8 30.Kf3 Kd7 31.g4 a6 32.gxf5 gxf5 33.Bg3 Bg5 34.Be5 Bd2 35.h3 Bh6
36.Ke2 Bg5 37.Kd3 Bh4 38.Ke2 Bg5 39.Bh2 Bh6 40.Bg3 Bc1 41.Be5 Bg5  1/2-1/2

[Event "Berliner Sommer"]
[Site "Berlin"]
[Date "1993.??.??"]
[Round "?"]
[White "Ivanov, Sergey"]
[Black "Zagorskis, Darius"]
[Result "1/2-1/2"]
[WhiteElo "2505"]
[BlackElo "2425"]

1.d4 Nf6 2.c4 g6 3.Nc3 d5 4.cxd5 Nxd5 5.e4 Nxc3 6.bxc3 Bg7 7.Nf3 O-O 8.Be2 b6
9.O-O Bb7 10.Qc2 Nd7 11.Rd1 c5 12.Bg5 cxd4 13.Nxd4 Nc5 14.Nc6 Qc7 15.Nxe7+ Kh8
16.Nd5 Qe5 17.Be7 Nxe4 18.Bxf8 Rxf8 19.c4 Bxd5 20.cxd5 Nc3 21.Bf3 Nxd1 22.Rxd1 Rd8
23.d6 Bf8 24.Qe2 Qxe2 25.Bxe2 Bxd6 26.g3 Kg7 27.Kg2 Kf6 28.Bc4 Ke7 29.Re1+ Kf8
30.Rd1  1/2-1/2

[Event "Berliner Sommer"]
[Site "Berlin"]
[Date "1993.??.??"]
[Round "7"]
[White "Maksimenko, Andrei"]
[Black "Muse, Drazen"]
[Result "0-1"]
[WhiteElo "2440"]
[BlackElo "2300"]

1.d4 Nf6 2.c4 g6 3.Nc3 d5 4.cxd5 Nxd5 5.e4 Nxc3 6.bxc3 Bg7 7.Bb5+ c6 8.Ba4 b5
9.Bb3 b4 10.Ne2 a5 11.Be3 Ba6 12.cxb4 axb4 13.Rc1 O-O 14.O-O Bb5 15.Qc2 Nd7
16.Rfd1 Qa5 17.Ng3 Nb6 18.f4 Na4 19.Qf2 Nc3 20.Rd2 Ba4 21.Bc4 Bb5 22.Bb3 Ba4
23.f5 Bxb3 24.axb3 Qa3 25.Rb2 c5 26.e5 cxd4 27.Bxd4 Rad8 28.Rbc2 Bh6 29.Rf1 Qxb3
30.Bc5 Nd1 31.Qe2 Be3+ 32.Kh1 Bxc5 33.Rxc5 Qd3 34.Rb5 b3 35.Qxd3 Rxd3 36.f6 exf6
37.exf6 h6 38.Ne2 b2 39.h3 Rd2 40.Nf4 Nc3  0-1

[Event "Berliner Sommer"]
[Site "Berlin"]
[Date "1993.??.??"]
[Round "8"]
[White "Agrest, Evgenij"]
[Black "Muse, Mladen"]
[Result "1-0"]
[WhiteElo "2465"]
[BlackElo "2300"]

1.d4 Nf6 2.c4 g6 3.Nc3 d5 4.cxd5 Nxd5 5.e4 Nxc3 6.bxc3 Bg7 7.Nf3 O-O 8.Be2 c5
9.Rb1 Nc6 10.d5 Ne5 11.Nxe5 Bxe5 12.Qd2 e6 13.f4 Bg7 14.c4 Rb8 15.Bb2 e5
16.O-O Qd6 17.Qc3 Re8 18.f5 Bd7 19.Qf3 a6 20.f6 Bh6 21.Bc1 Bxc1 22.Rbxc1 b5
23.Qe3 Kh8 24.h4 bxc4 25.Bxc4 Bb5 26.Bxb5 Rxb5 27.a4 Rb2 28.Rxc5 Qd7 29.Rfc1 Rg8
30.Qg5 Qd6 31.Rc6 Qb8 32.a5 Rb1 33.Kh2 Rxc1 34.Qxc1 g5 35.hxg5 h6 36.g6  1-0

[Event "Bern op"]
[Site "Bern"]
[Date "1993.??.??"]
[Round "8"]
[White "Savchenko, Stanislav"]
[Black "Tukmakov, Vladimir B"]
[Result "0-1"]
[WhiteElo "2535"]
[BlackElo "2605"]

1.d4 Nf6 2.c4 g6 3.Nc3 d5 4.cxd5 Nxd5 5.e4 Nxc3 6.bxc3 Bg7 7.Be3 c5 8.Qd2 Qa5
9.Rb1 b6 10.Bb5+ Bd7 11.Be2 Nc6 12.Nf3 O-O 13.Rc1 Bg4 14.d5 Bxf3 15.gxf3 Rad8
16.f4 e6 17.d6 Qa4 18.f3 Na5 19.h4 h5 20.Kf2 Nc4 21.Bxc4 Qxc4 22.d7 f5 23.Rhg1 Kh7
24.Rcd1 Rf7 25.Qd6 Rfxd7 26.Qxd7 Rxd7 27.Rxd7 Qxa2+ 28.Rd2 Qa4 29.e5 Bxe5
30.fxe5 f4 31.Bxc5 bxc5 32.Rb1 g5 33.Rb7+ Kg6 34.Re7 Qb3 35.hxg5 Kxg5 36.Rf7 Qxc3
37.Re2 h4 38.Rg7+ Kh6 39.Rg8 a5 40.Rh8+ Kg6 41.Rxh4 Qd4+ 42.Kg2 c4 43.Kh3 Kf5
44.Rh6 Kg5 45.Rf6 Kh5 46.Rf8 Qd1 47.Rh8+ Kg6 48.Rg2+ Kf7 49.Rh7+ Kf8 50.Rh8+ Kf7
51.Rh7+ Kf8 52.Kg4 Qd3 53.Rh8+ Ke7 54.Kh4 Kd7 55.Rg7+ Kc6 56.Re8 Qxf3 57.Rxe6+ Kd5
58.Ra6 Qh1+ 59.Kg5 f3 60.Rxa5+ Ke4 61.e6 f2 62.e7 Qh8 63.Rg6 f1=Q 64.Re6+ Kd4
65.e8=Q Qg2+ 66.Kf5 Qgh3+ 67.Kg5 Q8h4+ 68.Kg6 Q3g4+ 69.Kf7 Qh7+  0-1

[Event "Biel op"]
[Site "Biel"]
[Date "1993.??.??"]
[Round "3"]
[White "Finegold, Benjamin"]
[Black "Vydeslaver, Alik"]
[Result "0-1"]
[WhiteElo "2490"]
[BlackElo "2290"]

1.d4 Nf6 2.c4 g6 3.Nc3 d5 4.cxd5 Nxd5 5.e4 Nxc3 6.bxc3 Bg7 7.Bc4 c5 8.Ne2 Nc6
9.Be3 cxd4 10.cxd4 Qa5+ 11.Kf1 Bd7 12.Rb1 Rc8 13.Rxb7 Nd8 14.Bd2 Qa3 15.Rb4 O-O
16.Qb3 Qxb3 17.Bxb3 a5 18.Rc4 Ne6 19.Bxa5 Bb5 20.Rxc8 Rxc8 21.Ke1 Nxd4 22.Nxd4 Rc1+
23.Bd1 Bxd4 24.Kd2 Ra1 25.Bb4 e5 26.f3 Ba4 27.a3 Ra2+ 28.Kc1 Bb5 29.Kb1 Rb2+
30.Kc1 Bd3 31.Re1 Rxg2 32.Bd2 Bc5 33.Kb2 Bd4+ 34.Kc1 Bf2 35.Rh1 Bc5 36.Bb3 Bxa3+
37.Kd1 Bc5 38.Bd5 Be2+ 39.Kc2 Bxf3 40.Rf1 Rf2 41.Rxf2 Bxf2 42.Bh6 Bg1 43.Kd3 Bxh2
44.Kc4 Bf4 45.Bxf4 exf4 46.Kd4 Kg7 47.Ke5 f5  0-1

[Event "Biel op"]
[Site "Biel"]
[Date "1993.??.??"]
[Round "3"]
[White "Sadler, Matthew"]
[Black "Mikhalevski, Victor"]
[Result "1-0"]
[WhiteElo "2535"]
[BlackElo "2380"]

1.d4 Nf6 2.c4 g6 3.Nc3 d5 4.cxd5 Nxd5 5.e4 Nxc3 6.bxc3 Bg7 7.Bb5+ c6 8.Ba4 b5
9.Bb3 b4 10.Qf3 O-O 11.Ne2 a5 12.O-O Ba6 13.Rd1 a4 14.Bc2 b3 15.Bd3 c5 16.axb3 axb3
17.Bb2 Qc8 18.dxc5 Nd7 19.Rxa6 Rxa6 20.Bxa6 Qxa6 21.Rxd7 Qa2 22.Bc1 Qa1 23.Rb7 Bh6
24.Rxb3 Bxc1 25.g3 Be3+ 26.Kg2 Bxc5 27.Nf4 Qa4 28.Rb7 Qa6 29.Rb2 Rd8 30.Nd5 e6
31.Nf6+ Kg7 32.Ng4 Be7 33.Qf4 h5 34.Qe5+ Kh7 35.Nf6+ Bxf6 36.Qxf6 Rf8 37.Qe5 Qc6
38.Ra2 Kg8 39.Ra7 Rc8 40.Qf4 Qe8 41.Rc7 h4 42.gxh4 e5 43.Rxc8 Qxc8 44.Qg3 Kh7
45.h3 f6 46.Qf3 Kg7 47.Qg4 Qe8 48.h5 g5 49.c4 Qf7 50.c5 Kh6 51.c6 Qe7 52.Qd7 Qb4
53.Qf5  1-0